00708 2200181 4500001002100000005001700021008004100038035002400079082001000103090001900113100001900132245018200151260009900333300003700432504003000469650000900499990001800508YOGYA-0213000000102320130226084501.0 ind  0010-021300000001023 a641.1 aSk 641.1 Ern H aERNA KADARWATI aHubungan asupan faktor inhibitor absor bsi zat besi (tanin, fitat, asam aksalat) dengan kadar hemoglobin pada remaja putri si SMA kkota Yogyakarta / disusun oleh Erna kadarwati. aYogyakartabProgram Studi S-1 Gizi Kesehatan. Fakultas Kedokteran Universitas Gajah Madac2005 aix, 45(16) lbrbilus,lampc29 cm aBibliografi :( lbr 46-49) aGizi a44288-PD/A.12